[Event "Albena"]
[Site "Albena"]
[Date "1986.??.??"]
[Round "?"]
[White "Genov, Petko"]
[Black "Azmaiparashvili, Zurab"]
[Result "0-1"]
[WhiteElo "2395"]
[BlackElo "2505"]

1.d4 d6 2.c4 e5 3.Nf3 exd4 4.Nxd4 g6 5.Nc3 Bg7 6.e4 Nc6 7.Be3 Nge7 8.Nxc6 Nxc6
9.Qd2 O-O 10.Be2 f5 11.exf5 Bxf5 12.O-O Qf6 13.Rfd1 Kh8 14.Rac1 Rae8 15.b3 b6
16.Nd5 Qf7 17.Bf1 Ne5 18.f3 Bc8 19.Bh6 Bxh6 20.Qxh6 Bb7 21.Qd2 Bxd5 22.Qxd5 Qf4
23.Rc3 a5 24.Qd4 Qxd4+ 25.Rxd4 Nc6 26.Rd1 a4 27.c5 bxc5 28.bxa4 Ra8 29.Bb5 Nd4
30.Rd2 Rfb8 31.Re3 c6 32.Bxc6 Nxc6 33.Rxd6 Nd4 34.Re5 Rb1+ 35.Kf2 Rb2+ 36.Kg1 Rab8
37.h3 Nf5  0-1

[Event "URS-FL"]
[Site "Kujbyshev"]
[Date "1986.??.??"]
[Round "?"]
[White "Rashkovsky, Nukhim N"]
[Black "Azmaiparashvili, Zurab"]
[Result "1-0"]
[WhiteElo "2445"]
[BlackElo "2470"]

1.d4 d6 2.e4 g6 3.f4 Bg7 4.Nf3 Bg4 5.c3 c6 6.Nbd2 d5 7.e5 h5 8.h3 Bxf3 9.Nxf3 e6
10.Bd3 Nd7 11.O-O Qb6 12.Rb1 Ne7 13.Be3 Nf5 14.Bf2 Bf8 15.b4 Be7 16.c4 dxc4
17.Bxf5 gxf5 18.d5 Qb5 19.d6 Bd8 20.a4 Qd5 21.Qc1 Rg8 22.Kh1 c3 23.Qxc3 Bb6
24.Rbd1 Qa2 25.a5 Bxf2 26.Rd2 Qa4 27.Rfxf2 c5 28.Rb2 Rc8 29.Rfc2 Kf8 30.Qe1 c4
31.Qh4 Re8 32.Qxh5 c3 33.Ng5 Rxg5 34.fxg5 Kg7 35.Qh6+ Kg8 36.g6 Nf8 37.gxf7+ Kxf7
38.Rxc3  1-0

[Event "URS-ch U20"]
[Site "Tallinn"]
[Date "1986.??.??"]
[Round "?"]
[White "Glek, Igor V"]
[Black "Azmaiparashvili, Zurab"]
[Result "1/2-1/2"]
[WhiteElo "2460"]
[BlackElo "2465"]

1.e4 d6 2.d4 Nf6 3.Nc3 g6 4.f4 Bg7 5.Nf3 O-O 6.Bd3 Na6 7.O-O c5 8.dxc5 Nxc5
9.Qe1 b5 10.a3 Bb7 11.Kh1 a5 12.e5 dxe5 13.fxe5 Nxd3 14.cxd3 Nd5 15.Nxb5 Ba6
16.a4 Nc7 17.Nxc7 Qxc7 18.Ra3 Rad8 19.Bd2 Rd5 20.Qh4 Bxd3 21.Rc1 Qd7 22.Qe1 Ra8
23.Rac3 Bf5 24.Rc7 Qxa4 25.Rxe7 Bf8 26.Rec7 Rad8 27.Bg5 Rb8 28.R7c4 Rb4 29.Rxb4 Qxb4
30.Qxb4 Bxb4 31.h3 Bf8 32.Rc6 h6 33.Bd2 Bg7 34.Bc3 a4  1/2-1/2

[Event "URS-ch U20"]
[Site "Tallinn"]
[Date "1986.??.??"]
[Round "?"]
[White "Azmaiparashvili, Zurab"]
[Black "Novikov, Igor A"]
[Result "0-1"]
[WhiteElo "2465"]
[BlackElo "2490"]

1.e4 c5 2.Nf3 d6 3.d4 cxd4 4.Nxd4 Nf6 5.Nc3 a6 6.Bc4 e6 7.Bb3 b5 8.O-O Be7
9.Qf3 Qb6 10.Be3 Qb7 11.Qg3 Nbd7 12.Nf5 exf5 13.Qxg7 Rf8 14.Nd5 Nxd5 15.Bxd5 Qb8
16.Rae1 Bb7 17.Bg5 Bxg5 18.Qxg5 f4 19.Qxf4 Ne5 20.Qh6 Bxd5 21.exd5 Kd7 22.Re3 Qb7
23.Qh3+ Kc7 24.f4 Ng6 25.Rc3+ Kb8 26.Rc6 Qe7 27.Qa3 Rc8 28.Rxd6 Rxc2 29.f5 Qe4
30.Rb6+ Kc8 31.Rc6+ Rxc6 32.dxc6 Ne7 33.Rd1 Nxc6 34.Qf8+ Kb7 35.Qxf7+ Kb6
36.h3 h6 37.f6 Qe3+ 38.Kh1 Qg5 39.Rf1 Rg8 40.Rf2 Qg3 41.Kg1 Rd8 42.Qh5 Qe5
43.Qxe5 Nxe5 44.f7 Rf8 45.Rf5 Nc4 46.Rf6+ Kc5 47.Rxh6 Nxb2 48.Rxa6 Rxf7 49.h4 Nd3
50.Rg6 Ra7 51.Rg5+ Kc4 52.h5 Rxa2 53.h6 Ra8 54.g4 Rh8 55.Rg6 Ne5 56.Re6 Nxg4
57.Re4+ Kc3 58.Rxg4 Rxh6 59.Rg3+ Kc4 60.Rg4+ Kb3 61.Rg3+ Ka4 62.Kf2 Re6 63.Rg1 b4
64.Ra1+ Kb3  0-1

[Event "Tbilisi"]
[Site "Tbilisi"]
[Date "1986.??.??"]
[Round "?"]
[White "Azmaiparashvili, Zurab"]
[Black "Romanishin, Oleg M"]
[Result "1/2-1/2"]
[WhiteElo "2470"]
[BlackElo "2560"]

1.d4 Nf6 2.Nf3 e6 3.g3 c5 4.Bg2 Qa5+ 5.Nbd2 cxd4 6.O-O d5 7.Nb3 Qb6 8.Qxd4 Nc6
9.Qxb6 axb6 10.Be3 b5 11.Nfd4 Nxd4 12.Bxd4 Be7 13.Bc5 Bd7 14.c3 Bxc5 15.Nxc5 Bc6
16.Rfd1 Ke7 17.Rd2 Rad8 18.a3 Ne8 19.Rd4 Nd6 20.Rb4 Nc4 21.Rd1 Rc8 22.Kf1 Be8
23.Nd3 f5 24.Ne1 Ra8 25.Nd3 Rb8 26.e3 b6 27.Rc1 Nd2+ 28.Ke1 Nc4 29.Ra1 g5
30.b3 Nd6 31.f4 Kf6  1/2-1/2

[Event "Tbilisi"]
[Site "Tbilisi"]
[Date "1986.??.??"]
[Round "?"]
[White "Karolyi, Tibor Jr"]
[Black "Azmaiparashvili, Zurab"]
[Result "1/2-1/2"]
[WhiteElo "2410"]
[BlackElo "2470"]

1.d4 d6 2.e4 g6 3.Nf3 Bg7 4.c3 Nf6 5.Bd3 O-O 6.O-O Nc6 7.Nbd2 e5 8.dxe5 dxe5
9.Nc4 Nh5 10.g3 Bg4 11.Qe2 Qf6 12.Kg2 Rad8 13.Rd1 Qe7 14.b3  1/2-1/2

[Event "Tbilisi"]
[Site "Tbilisi"]
[Date "1986.??.??"]
[Round "?"]
[White "Tal, Mihail"]
[Black "Azmaiparashvili, Zurab"]
[Result "1/2-1/2"]
[WhiteElo "2600"]
[BlackElo "2470"]

1.d4 d6 2.Nf3 g6 3.g3 Bg7 4.Bg2 Nd7 5.O-O e5 6.e4 Ngf6 7.Nc3 O-O 8.a4 a6
9.dxe5 dxe5 10.b3 Re8 11.Ba3 Bf8 12.Bxf8 Rxf8 13.Re1 c6 14.Qd2 Qe7 15.Rad1 Kg7
16.Qd6  1/2-1/2

[Event "Tbilisi"]
[Site "Tbilisi"]
[Date "1986.??.??"]
[Round "?"]
[White "Foisor, Ovidiu"]
[Black "Azmaiparashvili, Zurab"]
[Result "1/2-1/2"]
[WhiteElo "2440"]
[BlackElo "2470"]

1.d4 d6 2.Nf3 g6 3.c4 Bg7 4.Nc3 e5 5.g3 Nd7 6.Bg2 Ne7 7.O-O O-O 8.e4 exd4
9.Nxd4 Nc6 10.Nde2 Nc5 11.b3 a5 12.Rb1 f5 13.Be3 Qe7 14.Nd5 Qf7 15.Nec3 Nb4
16.Qd2 Nxd5 17.cxd5 Bd7 18.Rfe1  1/2-1/2

[Event "Tbilisi"]
[Site "Tbilisi"]
[Date "1986.??.??"]
[Round "?"]
[White "Azmaiparashvili, Zurab"]
[Black "Kantsler, B."]
[Result "1-0"]
[WhiteElo "2470"]
[BlackElo "2405"]

1.d4 g6 2.e4 Bg7 3.Nf3 d6 4.Be2 Nf6 5.Nc3 O-O 6.O-O Nc6 7.d5 Nb8 8.Re1 e5
9.dxe6 Bxe6 10.Bg5 h6 11.Bf4 Nc6 12.h3 Kh7 13.Qd2 d5 14.exd5 Nxd5 15.Nxd5 Qxd5
16.Qxd5 Bxd5 17.Red1 Rfd8 18.Bxc7 Rd7 19.Bg3 Re8 20.Bf1 Red8 21.c3 Bxf3 22.Rxd7 Rxd7
23.gxf3 Rd2 24.Rb1 Be5 25.f4 Bc7 26.Bg2 Ne7 27.Kf1 Nf5 28.Ke1 Rd7 29.Bxb7 g5
30.Bh2 Nh4 31.Rd1 Re7+ 32.Kf1 Ng6 33.Bc8 Nxf4 34.Rd7 Rxd7 35.Bxd7 Be5 36.Bg1 Kg6
37.f3 Bb8 38.c4 f5 39.Bh2 a5 40.c5 Ba7 41.Bxf4 gxf4 42.c6 Bb6 43.Ke2 Kf6
44.Kd3 Ke5 45.Kc4 Kd6 46.Kb5 Kc7 47.b3 h5 48.Be8 h4 49.Bd7 Be3 50.Kxa5  1-0

[Event "GMA-Open"]
[Site "Belgrade"]
[Date "1988.??.??"]
[Round "?"]
[White "Azmaiparashvili, Zurab"]
[Black "Flear, Glenn C"]
[Result "1/2-1/2"]
[WhiteElo "2540"]
[BlackElo "2470"]

1.c4 e6 2.Nc3 d5 3.d4 Nf6 4.cxd5 exd5 5.Bg5 c6 6.Qc2 Be7 7.e3 Nbd7 8.Bd3 O-O
9.Nf3 Re8 10.O-O-O Nf8 11.Kb1 Be6 12.Ne5 Rc8 13.f4 Ng4 14.Bxe7 Rxe7 15.Rhe1 f6
16.Nf3 Bf7 17.Qd2 Nh6 18.h3 Bg6 19.g4 Bxd3+ 20.Qxd3 Nf7 21.g5 fxg5 22.fxg5 Qd7
23.e4 dxe4 24.Nxe4 Rce8 25.Re3 Ng6 26.Qc2 Qxh3 27.Rde1 Qg4 28.a3 Qf4 29.Ka1 a6
30.Qd3 Kh8 31.Qe2 Re6 32.Nfd2 Nxg5 33.Rf1 Qh4 34.Re1 Nxe4 35.Nxe4 Nf4 36.Qf3 Nd5
37.Rh1 Qe7 38.Ng5 Nxe3 39.Rxh7+ Kg8 40.Qh5 Rh6 41.Rxh6 gxh6 42.Qg6+ Kf8 43.Nh7+ Qxh7
44.Qxh7 Re7 45.Qxh6+ Kf7 46.Qd6 Nd5 47.Ka2 Re6 48.Qb8 Re7 49.Kb3 Rd7 50.Kc4 Re7
51.Kc5 Rd7 52.Kc4 Re7 53.Qd8 Re8 54.Qd7+ Re7 55.Qf5+ Ke8 56.Qc8+ Kf7 57.Kc5 Rc7
58.Qd8 Re7 59.a4 Ke6 60.Qd6+ Kf7 61.b4 Nc3 62.Qf4+ Ke8 63.Qb8+ Kf7 64.Qf4+ Ke8
65.Qg4 Ne4+ 66.Kb6 Nd6 67.Qg8+ Kd7 68.Qb8 Ke6 69.Qd8 Kd5 70.Ka7 Ke6 71.Qg8+ Kd7
72.Kb6 Re8 73.Qg4+ Kd8 74.Qg3 Kd7 75.Qh3+ Kd8 76.a5 Re7 77.Qh4 Nc8+ 78.Kc5 Kc7
79.b5 cxb5 80.Qf4+ Kd8 81.Qf8+ Kc7 82.d5 Rd7 83.Qf4+ Nd6 84.Qe5 Kd8 85.Qf6+ Kc7
86.Qe5  1/2-1/2

[Event "GMA-Open"]
[Site "Belgrade"]
[Date "1988.??.??"]
[Round "?"]
[White "Azmaiparashvili, Zurab"]
[Black "Geller, Efim P"]
[Result "1/2-1/2"]
[WhiteElo "2540"]
[BlackElo "2465"]

1.c4 e6 2.Nc3 d5 3.d4 Be7 4.Nf3 Nf6 5.Qc2 O-O 6.Bg5 c5 7.dxc5 Qa5 8.cxd5 exd5
9.e3 Qxc5 10.Be2 Nc6 11.Rd1 h6 12.Bh4 Be6 13.O-O Ne4 14.Bxe7 Nxe7 15.Nd4 Nxc3
16.bxc3 Rac8 17.Qa4 Nf5 18.Nxe6 fxe6 19.e4 Ne3 20.fxe3 Qxe3+ 21.Kh1 Qxe2
22.Rfe1 Qf2 23.exd5 exd5 24.Qb3 Qf7 25.h3 Rce8 26.Rxe8 Rxe8 27.Qxd5 Re1+
28.Kh2 Rxd1 29.Qxd1 Qxa2 30.Qd8+ Kh7 31.Qd4 b6 32.Qe4+ Kh8 33.Qa8+ Kh7 34.Qe4+ g6
35.Qe7+ Kg8 36.Qe8+ Kg7 37.Qe5+ Kg8 38.Qe8+ Kg7 39.Qe5+ Kf7 40.Qf4+ Ke7 41.Qc7+ Ke6
42.Qc6+ Kf5 43.Qf3+ Ke5 44.Qg3+ Ke6 45.Qxg6+ Kd7 46.Qxh6 Qe6 47.Qg7+ Kc6
48.h4 Qd6+ 49.Qg3 Qd5 50.Qg4 Qd6+ 51.g3 a5 52.h5 b5 53.Qe4+ Kc7 54.Qh7+ Kc6
55.h6 Qe6 56.g4 Qxg4 57.Qg7 Qh4+ 58.Kg2 Qe4+ 59.Kg3 Qe3+ 60.Kg4 Qe4+ 61.Kg5 Qe3+
62.Kg6 Qd3+ 63.Kf7 Qd5+ 64.Kf6 Qd6+ 65.Kf5 Qd3+  1/2-1/2

[Event "Madrid rapid"]
[Site "Madrid"]
[Date "1988.??.??"]
[Round "7"]
[White "Ljubojevic, Ljubomir"]
[Black "Azmaiparashvili, Zurab"]
[Result "1/2-1/2"]
[WhiteElo "2610"]
[BlackElo "2540"]

1.c4 d6 2.Nc3 e5 3.g3 g6 4.Bg2 Bg7 5.Nf3 Ne7 6.d4 O-O 7.O-O Nd7 8.e4 exd4
9.Nxd4 Nc6 10.Nde2 Nde5 11.b3 f5 12.f4 Ng4 13.Rb1 fxe4 14.Nxe4 Bf5 15.h3 Nf6
16.N2c3 Nxe4 17.Nxe4 Qe7 18.Re1 Rae8 19.Bb2 Qd7 20.Bxg7 Qxg7 21.Qd2 Re7 22.Rbd1 Rfe8
23.g4 Bxe4 24.Bxe4 Kh8 25.Bg2 Qf6 26.Rxe7 Rxe7 27.g5 Qf8 28.Qc3+ Qg7 29.Qxg7+ Kxg7
30.Kf2 Nd8 31.c5 Ne6 32.Re1 Kf8 33.cxd6 cxd6 34.Bxb7 Nxf4 35.Rxe7 Kxe7 36.h4 Nd3+
37.Ke3 Nc1 38.Kd4 Nxa2 39.Kc4 Ke6 40.Bd5+ Kf5 41.Bg8 Kg4 42.Bxh7 Kh5 43.Kd5 Kxh4  1/2-1/2

[Event "URS Cup rapid"]
[Site "Tallinn"]
[Date "1988.??.??"]
[Round "3"]
[White "Oll, Lembit"]
[Black "Azmaiparashvili, Zurab"]
[Result "1/2-1/2"]
[WhiteElo "2465"]
[BlackElo "2540"]

1.e4 d6 2.d4 Nf6 3.Nc3 g6 4.f4 Bg7 5.Nf3 c5 6.Bb5+ Bd7 7.e5 Ng4 8.e6 Bxb5
9.exf7+ Kd7 10.Nxb5 Qa5+ 11.Nc3 cxd4 12.Nxd4 h5 13.h3 Nc6 14.Ne2 Nf6 15.O-O Qc5+
16.Kh1 Raf8 17.Ng3 h4 18.Nge4 Qf5 19.Nxf6+ Bxf6 20.Nd5 Bd4 21.c4 Rxf7 22.Be3 Bxe3
23.Nxe3 Qe4 24.Qg4+ Qe6 25.Qf3 Kc8 26.Nd5 Qd7 27.Rae1 Rhf8 28.Qe3 g5 29.b4 Kb8
30.Kg1 gxf4 31.Rxf4 Rxf4 32.Nxf4 Nxb4 33.Ng6 Rc8 34.Nxe7 Nc2 35.Qe6 Qxe6
36.Rxe6 Rxc4 37.Rxd6 a5 38.Rd8+ Ka7 39.Nc8+ Ka6 40.Rd6+ Kb5 41.Rb6+ Ka4 42.Nd6 Rc6
43.Rxc6 bxc6 44.g3 hxg3 45.h4  1/2-1/2

[Event "URS Cup rapid"]
[Site "Tallinn"]
[Date "1988.??.??"]
[Round "6"]
[White "Azmaiparashvili, Zurab"]
[Black "Romanishin, Oleg M"]
[Result "0-1"]
[WhiteElo "2540"]
[BlackElo "2570"]

1.c4 e5 2.Nc3 Nf6 3.Nf3 Nc6 4.g3 d5 5.cxd5 Nxd5 6.d3 Be7 7.Bg2 Nb6 8.O-O O-O
9.a3 Be6 10.b4 a5 11.b5 Nd4 12.Bb2 Nb3 13.Rb1 f6 14.Nd2 Nxd2 15.Qxd2 Nc4
16.Qc1 Nxb2 17.Qxb2 Rb8 18.Rfc1 b6 19.Ne4 Rf7 20.Nd2 Bf8 21.Rc6 Re7 22.Rxe6 Rxe6
23.Qb3 Qd7 24.Bh3 Re8 25.Rc1 Qf7 26.Bxe6 Qxe6 27.Qxe6+ Rxe6 28.a4 Re7 29.Rc6 Rd7
30.Nc4 Kf7 31.g4 Ke8 32.g5 Be7 33.Kg2 Kd8 34.gxf6 gxf6 35.f4 exf4 36.Kf3 Rd5
37.Kxf4 Rh5 38.Kg3 Rg5+ 39.Kf3 Rh5 40.Kg2 Rg5+ 41.Kh1 Rf5 42.Nd2 Rf2 43.Re6 Kd7
44.Re3 Bc5  0-1

[Event "URS Cup rapid"]
[Site "Tallinn"]
[Date "1988.??.??"]
[Round "11"]
[White "Azmaiparashvili, Zurab"]
[Black "Epishin, Vladimir"]
[Result "1-0"]
[WhiteElo "2540"]
[BlackElo "2475"]

1.c4 e5 2.Nc3 Nf6 3.Nf3 Nc6 4.g3 Nd4 5.Bg2 Nxf3+ 6.Bxf3 Bb4 7.O-O O-O 8.Bg2 Re8
9.d3 c6 10.Bg5 h6 11.Bxf6 Qxf6 12.Ne4 Qd8 13.c5 d5 14.cxd6 Bxd6 15.Rc1 Be6
16.Qa4 Bd5 17.Nxd6 Qxd6 18.Bxd5 Qxd5 19.Qc4 Rad8 20.Rfd1 Qxc4 21.Rxc4 f6
22.Rdc1 Rd5 23.R1c3 Rb5 24.b3 Rd5 25.b4 a5 26.Kf1 Ra8 27.a4 axb4 28.Rxb4 Ra7
29.Rcc4 Kf7 30.h4 h5 31.Kg2 Ke6 32.Kf3 Kd6 33.g4 hxg4+ 34.Rxg4 b5 35.axb5 cxb5
36.Rb1 Ke6 37.Rgb4 Ra4 38.h5 Rxb4 39.Rxb4 f5 40.Rb1 Kf6 41.Rg1 g5 42.hxg6 Rd7
43.Ke3 b4 44.g7 Rxg7 45.Rxg7 Kxg7 46.Kd2 Kf6 47.Kc2 Ke6 48.Kb3 Kd5 49.Kxb4 Kd4
50.Kb3 f4 51.Kc2 Kd5 52.Kc3 Kc6 53.e3 fxe3 54.fxe3 Kb5 55.Kd2 Kb4 56.Kc2 Kb5
57.Kc3 Kc5 58.e4 Kd6 59.Kb4  1-0

[Event "Groningen"]
[Site "Groningen"]
[Date "1989.??.??"]
[Round "?"]
[White "Azmaiparashvili, Zurab"]
[Black "Hellers, Ferdinand"]
[Result "1/2-1/2"]
[WhiteElo "2575"]
[BlackElo "2560"]

1.c4 e5 2.Nc3 Nc6 3.g3 g6 4.Bg2 Bg7 5.Rb1 a5 6.a3 Nf6 7.b4 axb4 8.axb4 d6
9.b5 Ne7 10.Nf3 O-O 11.O-O h6 12.d3 Be6 13.Bd2 Qd7 14.b6 c6 15.c5 Rfd8 16.cxd6 Qxd6
17.Na4 Nd7 18.Qc2 Qa3 19.Nc3 Ra6 20.Bc1 Qa5 21.Bd2 Qa3 22.Bc1 Qa5 23.Bd2 Qa3  1/2-1/2

[Event "Groningen"]
[Site "Groningen"]
[Date "1989.??.??"]
[Round "?"]
[White "Azmaiparashvili, Zurab"]
[Black "Kuijf, Marinus"]
[Result "1-0"]
[WhiteElo "2575"]
[BlackElo "2530"]

1.g3 d5 2.Bg2 Nf6 3.d3 Bf5 4.Nd2 e6 5.e4 Bg6 6.Qe2 Be7 7.Ngf3 Bh5 8.h3 Bxf3
9.Nxf3 c6 10.O-O O-O 11.b3 a5 12.a3 Na6 13.Bb2 Nc5 14.e5 Nfd7 15.Nh2 Na6
16.Ng4 Nc7 17.f4 a4 18.b4 c5 19.bxc5 Bxc5+ 20.Kh2 Ra6 21.d4 Be7 22.f5 Rc6
23.Rf2 exf5 24.Ne3 Nb6 25.Nxf5 Nc4 26.Bc3 Nxa3 27.Qe1 Nc4 28.Nxe7+ Qxe7 29.Bb4 Qg5
30.Bxf8 Kxf8 31.Qb4+ Qe7 32.Qxb7 Qd7 33.Qb4+ Kg8 34.Qb8+ Ne8 35.Bxd5 Rc8
36.Qxc8 Qxc8 37.Rxf7 Kh8 38.Rf8+  1-0

[Event "Groningen"]
[Site "Groningen"]
[Date "1989.??.??"]
[Round "?"]
[White "Brenninkmeijer, Joris"]
[Black "Azmaiparashvili, Zurab"]
[Result "1/2-1/2"]
[WhiteElo "2445"]
[BlackElo "2575"]

1.d4 d6 2.Nf3 g6 3.c4 Bg7 4.Nc3 e5 5.e4 exd4 6.Nxd4 Nc6 7.Be3 Nge7 8.Be2 O-O
9.Qd2 f5 10.exf5 Nxf5 11.Nxf5 Bxf5 12.O-O Qf6 13.Rad1 Kh8 14.Bg5 Qf7 15.Bh6 Bxh6
16.Qxh6 Rae8 17.Qd2 b6 18.b3 Qg7 19.f4 a5 20.Bf3 Nb4 21.h3 Na6 22.Bc6 Re7
23.Rde1 Nb4 24.Rxe7 Qxe7 25.Re1 Qg7 26.Be4 Bd7 27.Bf3 Re8 28.Rxe8+ Bxe8 29.Qe3 Bd7
30.Nd5 Nxd5 31.cxd5 h5 32.Kh2 Kg8 33.Qc1 Be8 34.g4 hxg4 35.hxg4 Qe7 36.Kg3 Bf7
37.g5 Kf8 38.Qc3 Kg8 39.Kf2 Kh7 40.Kg3 Kg8 41.Kf2 Qd7 42.Qc2 Qf5 43.Qxf5 gxf5
44.Ke3  1/2-1/2

[Event "Thaelmann mem"]
[Site "Ost-Berlin"]
[Date "1989.??.??"]
[Round "?"]
[White "Azmaiparashvili, Zurab"]
[Black "Bagirov, Vladimir"]
[Result "1/2-1/2"]
[WhiteElo "2560"]
[BlackElo "2460"]

1.c4 Nf6 2.Nc3 d5 3.cxd5 Nxd5 4.Nf3 g6 5.d4 Bg7 6.e4 Nxc3 7.bxc3 O-O 8.Be2 c5
9.Rb1 cxd4 10.cxd4 Qa5+ 11.Qd2 Qxd2+ 12.Bxd2 b6 13.Rc1 Bb7 14.d5 Na6 15.Bg5 e6
16.dxe6 fxe6 17.Be3 Nc5 18.Bxc5 bxc5 19.Ng5 Bh6 20.Rxc5 Bxg5 21.Rxg5 Bxe4
22.Bc4 Kg7 23.O-O Kf6 24.Ra5 Rfc8 25.Bb3 Bc2 26.Bxc2 Rxc2 27.Ra6 Rc7 28.Re1 Re8
29.h4 Ree7 30.Re3 Rb7  1/2-1/2

[Event "Thaelmann mem"]
[Site "Ost-Berlin"]
[Date "1989.??.??"]
[Round "?"]
[White "Boensch, Uwe"]
[Black "Azmaiparashvili, Zurab"]
[Result "1/2-1/2"]
[WhiteElo "2490"]
[BlackElo "2560"]

1.d4 d6 2.c4 e5 3.Nc3 exd4 4.Qxd4 Nc6 5.Qd2 Nf6 6.b3 Be6 7.e4 a5 8.Bd3 a4
9.Rb1 axb3 10.axb3 g6  1/2-1/2

[Event "Thaelmann mem"]
[Site "Ost-Berlin"]
[Date "1989.??.??"]
[Round "?"]
[White "Knaak, Rainer"]
[Black "Azmaiparashvili, Zurab"]
[Result "1/2-1/2"]
[WhiteElo "2465"]
[BlackElo "2560"]

1.d4 d6 2.Nf3 g6 3.c4 Bg7 4.Nc3 e5 5.e4 exd4 6.Nxd4 Nc6 7.Be3 Nge7 8.Nxc6 bxc6
9.Bd4 Bxd4 10.Qxd4 O-O 11.c5 dxc5 12.Qxc5 Qd6 13.Qxd6 cxd6 14.O-O-O d5 15.Rd2 Be6
16.Ba6 dxe4 17.Nxe4 Bxa2 18.Rd7 Nd5 19.Nc5 Nb4 20.Bb7 Rad8 21.Rhd1 Bd5 22.Rd4 a5
23.Rxd8 Rxd8 24.Nb3 Rd7 25.Nxa5 c5 26.Rd2 Rxb7 27.Rxd5 Ra7 28.Rd8+ Kg7 29.Nc4 Ra1+
30.Kd2 Rf1 31.Ke2 Rh1 32.h3 Nc6 33.Rd1 Nd4+ 34.Kd2 Rh2 35.Ne3 f5 36.f4 g5
37.Rf1 Kg6 38.Kd3 Ne6 39.fxg5 f4 40.Nd5 Rxg2 41.Nxf4+ Nxf4+ 42.Rxf4 Kxg5
43.Rc4  1/2-1/2

[Event "Thaelmann mem"]
[Site "Ost-Berlin"]
[Date "1989.??.??"]
[Round "?"]
[White "Uhlmann, Wolfgang"]
[Black "Azmaiparashvili, Zurab"]
[Result "0-1"]
[WhiteElo "2515"]
[BlackElo "2560"]

1.c4 d6 2.d4 e5 3.Nf3 exd4 4.Nxd4 g6 5.g3 Bg7 6.Bg2 Ne7 7.Nc3 Nbc6 8.Nxc6 bxc6
9.h4 h6 10.Bf4 Be6 11.Qd3 Rb8 12.b3 O-O 13.Rd1 c5 14.Qd2 Kh7 15.O-O Qc8 16.Kh2 Rb4
17.Qc2 Bf5 18.Qc1 Bd7 19.Rd3 a5 20.Bd2 Rb8 21.Nd5 Nxd5 22.Bxd5 Bf5 23.Re3 a4
24.Bc3 Bd4 25.Re7 Qd8 26.Rxf7+ Rxf7 27.Bxf7 Qe7 28.Bxd4 cxd4 29.Bd5 axb3
30.axb3 Qxe2 31.c5 Rd8 32.cxd6 Rxd6 33.Qxc7+ Rd7 34.Bc4 d3 35.Qb8 Rg7  0-1

[Event "Yerevan"]
[Site "Yerevan"]
[Date "1989.??.??"]
[Round "?"]
[White "Azmaiparashvili, Zurab"]
[Black "Petrosian, Arshak B"]
[Result "1-0"]
[WhiteElo "2560"]
[BlackElo "2475"]

1.c4 e6 2.Nc3 d5 3.d4 Be7 4.cxd5 exd5 5.Bf4 c6 6.Qc2 Bd6 7.Bxd6 Qxd6 8.e3 Qg6
9.Qd2 Ne7 10.Nge2 O-O 11.Ng3 Qd6 12.Bd3 Be6 13.O-O Nd7 14.Rad1 f5 15.Nh5 Bf7
16.Nf4 Nf6 17.f3 g5 18.Nh3 h6 19.Bb1 Rae8 20.Nf2 Be6 21.e4 Nh5 22.e5 Qd7
23.g3 Kf7 24.b4 Rg8 25.a4 b6 26.Ba2 Rd8 27.a5 b5 28.Ne2 Ng7 29.Bb1 Rdf8 30.Nc1 Ne8
31.Nb3 Nc7 32.Nc5 Qc8 33.Rc1 Ke8 34.Nfd3 Kf7 35.Kf2 Rg7 36.Rh1 Rh8 37.h4 Qg8
38.hxg5 hxg5 39.Nb7 Rgh7 40.Kg2 Rxh1 41.Rxh1 Rxh1 42.Kxh1 Na6 43.Nd6+ Kg6
44.g4 Qh7+ 45.Kg2 Kh6 46.Nf4 gxf4 47.Qxf4+ Kg7 48.gxf5 Kh8 49.fxe6 Qxb1 50.Qf6+ Kg8
51.Qf7+  1-0

[Event "Yerevan"]
[Site "Yerevan"]
[Date "1989.??.??"]
[Round "?"]
[White "Spiridonov, Nikola"]
[Black "Azmaiparashvili, Zurab"]
[Result "1/2-1/2"]
[WhiteElo "2390"]
[BlackElo "2560"]

1.c4 g6 2.g3 Bg7 3.Bg2 d6 4.Nc3 e5 5.d3 Ne7 6.e4 f5 7.Nge2 O-O 8.O-O Nd7
9.Be3 Nf6 10.h3 Nh5 11.Qd2 c6 12.exf5 gxf5 13.d4 f4 14.gxf4 exd4 15.Nxd4 Nf5
16.Nxf5 Bxf5 17.Ne4 Bxe4 18.Bxe4 Qh4 19.Qxd6 Rf6 20.Qd7 Nxf4 21.Kh2 Re6 22.Bf5 Re7
23.Qd1 h5 24.Qf3 Rf8 25.Bxf4 Rxf5 26.Bg3 Rxf3 27.Bxh4 Re4 28.Bg3 h4 29.Kg2 Rf7
30.Bb8 Bxb2 31.Rae1 Rxc4 32.Bxa7 c5 33.Re2 Bd4 34.Bb8 Ra4 35.Be5 Bxe5 36.Rxe5 Rc7
37.Rc1 c4 38.Re4 b5 39.Rc2 Rca7 40.Re5 Rg7+ 41.Kh2 Rb4 42.Re4 Rb1 43.Rxh4 Rbg1
44.f3 Rf1 45.Rg4 Rxf3 46.Rb2 Rf5 47.a3 c3 48.Rb1 Rf2+ 49.Kg3 Rb2 50.Ra1 Kf8
51.Rxg7 Kxg7 52.Kf4 Rh2 53.Rb1 c2 54.Rc1 Kf6 55.Ke4 Ke6 56.Kd4 Kd6 57.Kc3  1/2-1/2

[Event "Yerevan"]
[Site "Yerevan"]
[Date "1989.??.??"]
[Round "?"]
[White "Azmaiparashvili, Zurab"]
[Black "Akopian, Vladimir"]
[Result "0-1"]
[WhiteElo "2560"]
[BlackElo "2520"]

1.c4 e5 2.Nc3 Nf6 3.Nf3 Nc6 4.g3 g6 5.Bg2 Bg7 6.d4 exd4 7.Nxd4 O-O 8.O-O Nxd4
9.Qxd4 d6 10.Qd2 Rb8 11.b3 a6 12.Bb2 b5 13.cxb5 axb5 14.Rfd1 Re8 15.Nd5 Bb7
16.Bxf6 Bxf6 17.Rac1 Bxd5 18.Bxd5 Kg7 19.Rc6 Rb6 20.Rdc1 Rxc6 21.Rxc6 Qe7
22.e4 Ra8 23.Rxc7 Qxc7 24.Bxa8 Qc5 25.Bd5 b4 26.Qf4 h5 27.Kg2 Qb6 28.h3 Qc5
29.h4 Qb6 30.g4 hxg4 31.Qxg4 Qd8 32.h5 Bd4 33.hxg6 fxg6 34.f4 Qc7 35.Bc4 Qe7
36.Kf3 Qf6 37.Qd7+ Kf8 38.Qc8+ Kg7 39.Qb7+ Kh6 40.Bg8 Qg7 41.Qxb4 Bc5 42.Qb8 Qb2  0-1

[Event "Sydney"]
[Site "Sydney"]
[Date "1990.??.??"]
[Round "1"]
[White "Laird, Craig"]
[Black "Azmaiparashvili, Zurab"]
[Result "0-1"]
[WhiteElo "2315"]
[BlackElo "2610"]

1.e4 d6 2.Nf3 Nf6 3.c3 g6 4.Bd3 Bg7 5.O-O O-O 6.Re1 Bg4 7.h3 Bxf3 8.Qxf3 c5
9.Bf1 Nc6 10.Na3 Qa5 11.Nc4 Qc7 12.a4 a6 13.d3 b5 14.Ne3 b4 15.Bd2 Rab8 16.Nc4 Nd7
17.Qd1 Rb7 18.Qc1 bxc3 19.bxc3 Rfb8 20.Bh6 Bh8 21.Ra2 Rb1 22.Qd2 Qb7 23.f4 Rxe1
24.Qxe1 Qb1 25.Qd2 Nb6 26.Rb2 Nxc4 27.Rxb8+ Nxb8 28.dxc4 Qxe4 29.Bd3 Qb7
30.f5 Nd7 31.fxg6 hxg6 32.Qc2 Ne5 33.Be2 Qd7 34.Bg5 Bf6 35.Bxf6 exf6 36.a5 Qc7
37.Qa4 Qb7 38.Qd1 Qe4 39.Bf1 Qe3+ 40.Kh1 Qf2 41.Be2 Kg7 42.Bf1 Nc6 43.Bd3 Nxa5
44.Qa1 Nc6 45.Qxa6 Ne5 46.Qxd6 Qd2  0-1

[Event "Sydney"]
[Site "Sydney"]
[Date "1990.??.??"]
[Round "7"]
[White "Azmaiparashvili, Zurab"]
[Black "Martin, Benjamin"]
[Result "1-0"]
[WhiteElo "2610"]
[BlackElo "2270"]

1.c4 e5 2.Nc3 Nf6 3.Nf3 Nc6 4.g3 Bb4 5.Bg2 O-O 6.O-O Re8 7.d3 Bxc3 8.bxc3 e4
9.Nd4 exd3 10.exd3 Nxd4 11.cxd4 h6 12.Bf4 d5 13.Qb3 c6 14.Rfe1 Rxe1+ 15.Rxe1 b6
16.Qa4 Be6 17.Be5 Ng4 18.Qxc6 Nxe5 19.dxe5 Rc8 20.Qd6 dxc4 21.dxc4 Qxd6 22.exd6 Rd8
23.Rd1 Bxc4 24.a3 Kf8 25.f4 Bb5 26.Kf2 Ke8 27.Bh3 Bd7 28.Bf1 b5 29.Re1+ Kf8
30.Ke3 Bc6 31.Kd4 Rxd6+ 32.Kc5 Rf6 33.Bxb5 Bxb5 34.Kxb5 Rb6+ 35.Ka5 Rb2 36.Ka6 Rxh2
37.a4 Rh3 38.Rg1 h5 39.a5 h4 40.gxh4 Rxh4 41.Rf1 Rh2 42.Rb1 Rf2 43.Rb4 f6
44.Kxa7 Kf7 45.a6 Ke6 46.Kb6 Rd2 47.a7 Rd8 48.Rb5 Rd6+ 49.Ka5 Rd1 50.Ka6 Rd8
51.f5+ Kf7 52.Rb7+  1-0

[Event "Sydney"]
[Site "Sydney"]
[Date "1990.??.??"]
[Round "9"]
[White "Azmaiparashvili, Zurab"]
[Black "Johansen, Darryl K"]
[Result "1/2-1/2"]
[WhiteElo "2610"]
[BlackElo "2420"]

1.c4 e5 2.Nc3 Bb4 3.Qb3 Nc6 4.Nd5 Bc5 5.e3 Nge7 6.Ne2 O-O 7.g3 Nxd5 8.cxd5 Ne7
9.Nc3 d6 10.Na4 Bb6 11.Nxb6 axb6 12.Bg2 c6 13.dxc6 bxc6 14.O-O d5 15.d4 Ba6
16.Re1 e4 17.Bd2 c5 18.dxc5 bxc5 19.Qa3 Qd6 20.b4 Bd3 21.bxc5 Qe6 22.Qb3 Rfb8
23.Bb4 Nc6 24.a3 Ne5 25.Qd1 Qf5 26.Bc3 Nf3+ 27.Bxf3 exf3 28.Kh1 h5 29.Rg1  1/2-1/2

[Event "Oviedo rapid"]
[Site "Oviedo"]
[Date "1991.??.??"]
[Round "3"]
[White "Gil Reguera, Juan Carlos"]
[Black "Azmaiparashvili, Zurab"]
[Result "0-1"]
[WhiteElo "2400"]
[BlackElo "2585"]

1.c4 Nf6 2.g3 g6 3.Bg2 Bg7 4.Nc3 O-O 5.e4 c5 6.Nge2 Nc6 7.O-O Ne8 8.Rb1 Nc7
9.a3 Ne6 10.b4 d6 11.d3 Ncd4 12.Nxd4 Nxd4 13.Ne2 a5 14.Bb2 axb4 15.axb4 Nxe2+
16.Qxe2 Ra2 17.Qc2 b5 18.Qb3 Rxb2 19.Rxb2 bxc4 20.dxc4 Bxb2 21.Qxb2 Be6 22.Rc1 cxb4
23.Qxb4 Qb8 24.Qxb8 Rxb8 25.Bf1 Rc8 26.f4 f5 27.exf5 gxf5 28.Kf2 Kf7 29.Ke3 Kf6
30.Kd4 Rc5 31.Ra1 Bf7 32.Ra6 h5 33.Bd3 h4 34.Rb6 Rc8 35.Rb5 e5+ 36.Kc3 e4
37.Be2 hxg3 38.hxg3 Rg8 39.c5 Rxg3+ 40.Kd2 Rg2  0-1

[Event "Oviedo rapid"]
[Site "Oviedo"]
[Date "1991.??.??"]
[Round "5"]
[White "San Segundo, Pablo"]
[Black "Azmaiparashvili, Zurab"]
[Result "0-1"]
[WhiteElo "2430"]
[BlackElo "2585"]

1.c4 d6 2.Nc3 e5 3.Nf3 g6 4.d4 Bg7 5.g3 Nd7 6.Bg2 Ne7 7.O-O O-O 8.e4 exd4
9.Nxd4 Nc6 10.Nde2 Nde5 11.b3 f5 12.Bf4 g5 13.Bxe5 Nxe5 14.exf5 Bxf5 15.Qd5+ Rf7
16.Rad1 c6 17.Qxd6 Qa5 18.Qd2 g4 19.Kh1 Nf3 20.Qe3 Bc2 21.Rc1 Bg6 22.Nf4 Bd4
23.Qe6 Bf5 24.b4 Qxb4 25.Nd3 Qxc3  0-1

[Event "Oviedo rapid"]
[Site "Oviedo"]
[Date "1991.??.??"]
[Round "8"]
[White "Azmaiparashvili, Zurab"]
[Black "Zlotnik, Boris A"]
[Result "0-1"]
[WhiteElo "2585"]
[BlackElo "2460"]

1.c4 e6 2.Nc3 Nf6 3.e4 d5 4.e5 d4 5.exf6 dxc3 6.bxc3 Qxf6 7.d4 c5 8.Nf3 cxd4
9.Bg5 Qf5 10.cxd4 Bb4+ 11.Bd2 Bxd2+ 12.Qxd2 Nc6 13.Bd3 Qa5 14.Rb1 O-O 15.Qxa5 Nxa5
16.Ke2 Rd8 17.Rhc1 Bd7 18.Be4 Rac8 19.c5 Rc7 20.Ke3 f6 21.Nd2 Bc6 22.f3 Rcd7
23.Nc4 Bxe4 24.fxe4 Nc6 25.Nd6 b6 26.Rd1 Kf8 27.Rd3 Nxd4 28.Kxd4 bxc5+ 29.Kxc5 Rc7+
30.Kb4 Rb8+ 31.Nb5 Rxb5+ 32.Kxb5 Rb7+ 33.Ka6 Rxb1 34.a4 Rb2 35.Kxa7 Rxg2
36.a5 Rxh2 37.a6 h5 38.Rd7 h4 39.Kb6 g5 40.a7 Ra2 41.Rd6 Ra3  0-1